Somaliland Country Quiz - Statistics

General Stats
  • This quiz has been taken 24 times
  • The average score is 8 of 13
Answer Stats
Hint Answer % Correct
Country Somaliland declared independence from in 1991 Somalia
95%
Djibouti
90%
Countries that Somaliland borders(excluding Somalia) Ethiopia
90%
Sea that Somaliland borders Gulf of {Aden}
86%
Peninsula that Somaliland is a part of {Horn} of Africa
81%
Country that gave Somaliland independence before merging with Italian Somaliland United Kingdom
76%
Most popular sport in Somaliland Football
71%
Capital and largest city Hargeisa
71%
Semi-autonomous region of Somalia bordered to the west by Somaliland Puntland
57%
Official currency Somaliland Shilling
43%
President of Somaliland since 2024 Abdirahman Mohamed Abdullahi
10%
Highest point in Somaliland Mount Shimbiris
5%
Ancient Somali sultanate that shares the name with a prevelent clan in modern day Somalia Warsangali Sultanate
0%
No matching quizzes found
Score Distribution
Percent of People with Each Score
Percentile by Number Answered
Your Score History
You have not taken this quiz